państwa Azjatyckie - Statystyki

Ogólne statystyki
  • Ten quiz został rozwiązany 229 razy
    174 od ostatniego zresetowania
  • Średni wynik to 7 z 8
Statystyki odpowiedzi
Obrazkowy Odpowiedź % Poprawnych
japonia
99%
chiny
97%
indonezja
87%
filipiny
84%
Gruzja
84%
tajlandia
81%
wietnam
81%
malezja
71%
Nie znaleziono quizów pasujących do podanych kryteriów
Rozkład punktacji
Procent ludzi z każdym wynikiem
Percentyl według liczby udzielonych odpowiedzi
Twoja historia wyników
Nie rozwiązałeś tego quizu od ostatniego zresetowania